000
00337pab a2200145 454500
008
180718b2005 xxu||||| |||| 00| 0 eng d
100
_a
Reddy, Y.R.K.
245
_a
A quartet on administrative reform
260
_c
2005
300
_a
p.15-19.
362
_a
Aug
650
_a
Administrative reform
773
_a
Yojana
909
_a
66251
999
_c
66251
_d
66251